Hex Girl Lyrics - Statistics

General Stats
  • This quiz has been taken 16 times
  • The average score is 108 of 179
Answer Stats
Answer % Correct
a
100%
Girl
90%
I
90%
you.
90%
you
90%
you!
90%
and
80%
Hex
80%
I'm
70%
on
70%
put
70%
Put
70%
spell
70%
gonna
60%
the
60%
of
50%
We're
50%
all
40%
cast
40%
do
40%
If
40%
Oh
40%
to.
40%
when
40%
yeah!
40%
your
40%
You're
40%
affection,
30%
can
30%
change
30%
cobweb
30%
control.
30%
dark
30%
dead
30%
devotion.
30%
direction.
30%
ever
30%
fall
30%
get
30%
in
30%
into
30%
it
30%
lose
30%
make
30%
me
30%
missing
30%
my
30%
night,
30%
out
30%
potion,
30%
sight.
30%
this
30%
up
30%
wake
30%
want
30%
what
30%
whole
30%
With
30%
You'll
30%
you'll
30%
as
20%
bowl,
20%
cloud
20%
dizzy
20%
feel
20%
few
20%
fog
20%
here
20%
little
20%
mind.
20%
Mix
20%
say
20%
sign.
20%
words
20%
No matching quizzes found
Score Distribution
Percent of People with Each Score
Percentile by Number Answered
Your Score History
You have not taken this quiz